Breeding Hevea brasiliensis for environmental constraints (Record no. 52121)

MARC details
000 -LEADER
fixed length control field 00429nam a2200157Ia 4500
100 ## - MAIN ENTRY--AUTHOR NAME
Personal name Priyadarshan P.M.
245 #0 - TITLE STATEMENT
Title Breeding Hevea brasiliensis for environmental constraints
260 ## - PUBLICATION, DISTRIBUTION, ETC. (IMPRINT)
Name of publisher Advances in Agronomy
Year of publication 2003
300 ## - PHYSICAL DESCRIPTION
Number of Pages 351-400
650 ## - SUBJECT ADDED ENTRY--TOPICAL TERM
Topical Term Crop improvement
650 ## - SUBJECT ADDED ENTRY--TOPICAL TERM
Topical Term Geo climate
650 ## - SUBJECT ADDED ENTRY--TOPICAL TERM
Topical Term Marginal area
650 ## - SUBJECT ADDED ENTRY--TOPICAL TERM
Topical Term Molecular diversity
942 ## - ADDED ENTRY ELEMENTS (KOHA)
Koha item type Bibliography STAF
Holdings
Withdrawn status Lost status Damaged status Not for loan Home library Current library Date acquired Serial Enumeration / chronology Koha item type
      Bibliography RRII Library RRII Library 09/04/2014 Volume 79, Issue Bibliography STAF